00675nam a2200205Ia 4500003000900000008004100009020001800050040001600068080001500084100003000099245006400129260004300193300001500236650001900251650002000270700002500290942000700315999001700322952013000339IN-BaIIA211028s9999 xx 000 0 eng d a81-224-0308-5 cIIA Library a517.2bBAL aBalachandra Rao, S918001 0aDifferential calculuscS. Balachandra Rao and C. K. Shantha aNew DelhibNew Age Internationalc2001 aiii, 501p. aCalculus91611 aMathematics982 aShantha, C. K918002 cBK c18361d18361 00104070aBANbBANcGENd2012-09-05eS g165.00l0o517.2/ BALp19283r2021-11-05v165.00w2012-09-05yBKGRs. 165.00